000 00432nam a22001577a 4500
008 170705s2014 gt||||| |||| 00| 0 spa d
082 0 4 _a740
_bS712c
110 1 _aS.o.P.a
_95751
245 1 0 _aEventual spaces /
_cS.o.P.a.
250 _a1a edición.
260 _aGuatemala :
_bEdiciones Bizarras,
_c[2014].
300 _a14 páginas :
_bilustraciones.
653 1 0 _aArtes gráficas
653 1 0 _aArte - Guatemala
653 1 0 _aDibujo
999 _c1217
_d1217